000 00358nam a2200145Ia 4500
008 151213s9999 xx 000 0 und d
100 _aGareta Roberts
245 _aThe Facrie Queens
_cGareta Roberts
260 _aNew Dilhi
_bViva Books
_c2003
300 _a2207 p.
650 _aEnglish
650 _aEnglish
700 _aGareta Roberts
999 _c1612
_d1612